LEADER 01238nam a2200301 i 4500 001 000000153906 003 CaOOAMICUS 005 20240611163951.0 008 061005s1983 it u000 u mul u 013 $a131252 040 $aSeMil$bita 100 1 $aCynewulf,$d.$0(OLS)http://semarc/name/60224 245 13$aIl sogno della croce ; Cristo :$bantichi poemetti anglosassoni /$cCynewulf ; introduzione e note di Aldo Ricci. 264 1$aFirenze :$bSansoni,$c1983. 300 $aXXXIV, 204 p. ;$c16 cm. 490 1 $aBiblioteca sansoniana straniera 541 0 $aFondo Ciprandi. 546 $aTesto orig. a fronte 650 4$aLetteratura anglosassone.$0(OLS)http://semarc/subject/51106 700 1 $aRicci, Aldo.$0(OLS)http://semarc/name/8665 830 0$aBiblioteca sansoniana straniera.$0(OLS)http://semarc/title/19727 850 $aSeMil 852 $aSeMil$W1$xVenegono$y1$m1W I 432$j105790$B105790$CSeMilBibl$Z2$F114990 $81 941 1 $a1 961 $aOmaggio: Ciprandi dott. Paolo 996 $6245$aIl sogno della croce ; Cristo :$bantichi poemetti anglosassoni$9(OLS)http://semarc/title/225194 996 $6264$aFirenze :$bSansoni$9(OLS)http://semarc/publisher/29843 LEADER 00848nam a2200241 i 4500 001 000000154891 003 CaOOAMICUS 005 20061027000000.0 008 061027s1991 it u000 u ita u 013 $a132240 020 $a88-7692-126-5 040 $aSeMil$bita 100 1 $aGregory, Augusta.$0(OLS)http://semarc/name/7675 245 12$aI Fianna. 300 $a367 p. 490 0 $aIl flauto magico ;$v8 773 0 $aGregory, Augusta$tDei e guerrieri.$dPordenone : Studio Tesi, 1991.$w()16684 830 3$aIl flauto magico ;$v8.$0(OLS)http://semarc/title/21706 850 $aSeMil 852 $aSeMil$W1$xVenegono$y1$m1W VI 256$j106743$B106743$CSeMilBibl$Z2$F115979 $81 961 $aOmaggio: Ciprandi dott. Paolo 996 $6020$a88-7692-126-5$9(OLS)http://semarc/number/144871 996 $6245$aI Fianna$9(OLS)http://semarc/title/226769 LEADER 01088nam a2200253 i 4500 001 000000137166 003 CaOOAMICUS 005 20050407000000.0 008 050407s1976 it u000 u ita u 013 $a110903 040 $aSeMil$bita 245 10$aOpere di Giuseppe Giusti /$ca cura di Nunzio Sabbatucci. 260 $aTorino :$bUnione Tipografico-Editrice Torinese,$c1976. 300 $a874 p., [8] c. di tav. ;$c24 cm. 490 0 $aClassici Italiani 500 $aContiene : Nota Bibliografica. 650 4$aGiusti, Giuseppe <1809-1850> - Opere.$0(OLS)http://semarc/subject/26938 700 1 $aSabbatucci, Nunzio.$0(OLS)http://semarc/name/55715 700 1 $aGiusti, Giuseppe,$d<1809-1850>.$0(OLS)http://semarc/name/11082 830 0$aClassici Italiani .$0(OLS)http://semarc/title/16424 850 $aSeMil 852 $aSeMil$W1$xVenegono$y1$m1G I 50$j238618$B90729$CSeMilBibl$Z2$F95595 $81 996 $6245$aOpere di Giuseppe Giusti$9(OLS)http://semarc/title/200418 996 $6260$aTorino :$bUnione Tipografico-Editrice Torinese$9(OLS)http://semarc/publisher/29628 LEADER 01516nam a2200313 4500 001 000000350820 003 CaOOAMICUS 005 20220712150356.0 008 220706s2018 it 000 u ita r 020 $a978-88-329-6048-8 040 $aSeMil$bita 100 1 $aMarchese Ragona, Fabio.$0(OLS)http://semarc/name/109015 245 13$aIl caso Marcinkus /$cFabio Marchese Ragona. 246 04$aIl caso Marcinkus :$bil banchiere di Dio e la lotta di papa Francesco alle finanze maledette 264 1$aMilano :$bChiarelettere,$c2018. 300 $a150 p. ;$c20 cm 490 1 $aMisteri italiani 600 14$aMarcinkus, Paul .$0(OLS)http://semarc/subject/52641 650 4$aIstituto per le opere di religione .$0(OLS)http://semarc/subject/12219 650 4$aSanta Sede - Finanza - 1969-2017 - Casi [:] Marcinkus, Paul.$0(OLS)http://semarc/subject/52642 830 0$aMisteri italiani.$0(OLS)http://semarc/title/440639 850 $aSeMil 852 $aSeMil$W1$xVenegono$y1$m3M I 305$j234207$B241862$CSeMilBibl$Z2$F241862 $81 961 $aColombo don Giuseppe - Omaggio 996 $6020$a978-88-329-6048-8$9(OLS)http://semarc/number/296263 996 $6246$aIl caso Marcinkus :$bil banchiere di Dio e la lotta di papa Francesco alle finanze maledette$9(OLS)http://semarc/title/440706 996 $6245$aIl caso Marcinkus$9(OLS)http://semarc/title/440637 996 $6264$aMilano :$bChiarelettere$9(OLS)http://semarc/publisher/35000 LEADER 00920nam a2200205 i 4500 001 000000225506 003 CaOOAMICUS 005 20131209000000.0 008 131209s1922 it u000 u ita u 013 $a204408 040 $aSeMil$bita 100 1 $aTerrile, Filippo.$0(OLS)http://semarc/name/78357 245 13$aLe piante più belle secondo la Bibbia :$bstoria illustrata di alcuni simboli della Madonna /$cFilippo Terrile. 260 $aTrento :$bArtigianelli,$c1922. 300 $a123 p. :$bill. ;$c22 cm. 650 4$aBibbia - Ambiente naturale - Piante.$0(OLS)http://semarc/subject/23300 850 $aSeMil 852 $aSeMil$W1$xVenegono$y1$m2W III 65$j175852$B175852$CSeMilBibl$Z2$F186367 $81 996 $6245$aLe piante più belle secondo la Bibbia :$bstoria illustrata di alcuni simboli della Madonna$9(OLS)http://semarc/title/323029 996 $6260$aTrento :$bArtigianelli$9(OLS)http://semarc/publisher/35832 LEADER 01551nam a2200325 i 4500 001 000000232566 003 CaOOAMICUS 005 20181022105838.0 008 140901s1993 it u000 u ita u 013 $a211469 020 $a88-425-1560-4 040 $aSeMil$bita 240 00$aTitire tu patulae.$0(OLS)http://semarc/title/255774 245 10$aTe Deum laudamus :$bpreghiere di una volta apprese nella nostra infanzia, sopite nella memoria, vive ancora oggi /$ccon una riflessione introduttiva di Carlo Maria Martini ; raccolte e ordinate da Piero e Elena Bajetta. 260 $aMilano :$bMursia,$c1993. 300 $aXI, 303 p.; 21 cm. 490 0 $aAntologie [Mursia] ;$v11 500 $aCon dedica autografa. 650 4$aPreghiere - Testi.$0(OLS)http://semarc/subject/6541 700 1 $aBajetta, Elena.$0(OLS)http://semarc/name/79849 700 1 $aBajetta, Piero.$0(OLS)http://semarc/name/79848 700 1 $aMartini, Carlo Maria,$c.$0(OLS)http://semarc/name/89159 830 0$aAntologie ;$v11.$0(OLS)http://semarc/title/419363 850 $aSeMil 852 $aSeMil$W1$xVenegono$y1$m3K III 535$j182912$B182912$CSeMilBibl$Z2$F194875 $81 961 $aOmaggio: Altro 996 $6020$a88-425-1560-4$9(OLS)http://semarc/number/236190 996 $6245$aTe Deum laudamus :$bpreghiere di una volta apprese nella nostra infanzia, sopite nella memoria, vive ancora oggi$9(OLS)http://semarc/title/331839 996 $6260$aMilano :$bMursia$9(OLS)http://semarc/publisher/30230 LEADER 00839nam a2200205 i 4500 001 000000006689 003 CaOOAMICUS 005 20210125172228.0 008 180830s2001 it u000 u ita u 040 $aSeMil$bita 110 0 $aArcidiocesi di Milano : Movimento Chierichetti.$0(OLS)http://semarc/name/3504 245 10$aServire con gioia /$cMovimento Chierichetti - Diocesi di Milano. 260 $aMilano :$bCentro Ambrosiano,$c2001. 300 $a2 v. ;$c21 cm 650 4$aLiturgia - Sussidi.$0(OLS)http://semarc/subject/1057 774 0 $tAndate a preparare per noi la Pasqua.$z88-8025-282-8$g2$w()76769 774 0 $tC'è qui un ragazzo.$z88-8025-281-X$g1$w()103407 996 $6245$aServire con gioia$9(OLS)http://semarc/title/8930 996 $6260$aMilano :$bCentro Ambrosiano$9(OLS)http://semarc/publisher/29766 LEADER 01112nam a2200229 i 4500 001 000000030000 003 CaOOAMICUS 005 20230516144624.0 008 180830s1802 fr u000 u fre u 040 $aSeMil$bita 100 1 $aLacretelle, Pierre Louis .$0(OLS)http://semarc/name/13728 245 10$aOeuvres diverses de P. L. Lacratelle (ainé). Philosophie et littérature. Tome 1. [-3.]. 260 $aA Paris :$bChez Treuttel et Würtz,$cAn X. 1802. 300 $a3 v. ;$c8°. 700 1 $aTreuttel, Jean Georges .$0(OLS)http://semarc/name/13729 700 1 $aWürtz, Jean Godefroy,$c.$0(OLS)http://semarc/name/13730 774 0 $aLacretelle, Pierre Louis $tTome 1.$w()196818 774 0 $aLacretelle, Pierre Louis $tTome 2.$w()230167 774 0 $aLacretelle, Pierre Louis $tTome 3.$w()230166 996 $6245$aOeuvres diverses de P. L. Lacratelle (ainé). Philosophie et littérature. Tome 1. [-3.]$9(OLS)http://semarc/title/40812 996 $6260$aA Paris :$bChez Treuttel et Würtz$9(OLS)http://semarc/publisher/36732 LEADER 01546nam a2200313 i 4500 001 000000191598 003 CaOOAMICUS 005 20100811000000.0 008 100811s2010 it u000 u ita u 013 $a170168 020 $a978-88-568-1648-8 040 $aSeMil$bita 100 1 $aAlford, Helen,$c.$0(OLS)http://semarc/name/36493 245 10$aResponsabilità sociale d'impresa e dottrina sociale della Chiesa cattolica /$cHelen Alford ... [et al.] ; a cura di Helen Alford ; Gianfranco Rusconi e Eros Monti. 260 $aMilano :$bFranco Angeli,$ccopyr. 2010. 300 $a234 p. ;$c23 cm. 490 0 $aPersona, Imprese e Società ;$v9 650 4$aChiesa cattolica - Dottrina sociale.$0(OLS)http://semarc/subject/330 650 4$aImpresa - Aspetti etici.$0(OLS)http://semarc/subject/16869 650 4$aIjmpresa - Saggi.$0(OLS)http://semarc/subject/36083 700 1 $aMonti, Eros,$d<1958- >.$0(OLS)http://semarc/name/20033 700 1 $aRusconi, Gianfranco.$0(OLS)http://semarc/name/59223 830 0$aPersona, imprese e società / ACLI Milanesi ;$v9.$0(OLS)http://semarc/title/423339 850 $aSeMil 852 $aSeMil$W1$xVenegono$y1$m3M IV 208$j142212$B142212$CSeMilBibl$Z2$F153814 $81 961 $aOmaggio: Monti don Eros 996 $6020$a978-88-568-1648-8$9(OLS)http://semarc/number/182718 996 $6245$aResponsabilità sociale d'impresa e dottrina sociale della Chiesa cattolica$9(OLS)http://semarc/title/276090 996 $6260$aMilano :$bFranco Angeli$9(OLS)http://semarc/publisher/30369